[Event "Oberliga Bayern 0910"]
[Site "Bayern"]
[Date "2010.04.11"]
[Round "9.4"]
[White "Pauli, Alexander"]
[Black "Pitschka, Claus"]
[Result "1/2-1/2"]
[WhiteElo "2105"]
[BlackElo "2192"]
[PlyCount "41"]
[EventDate "2009.10.18"]
[EventType "team-tourn"]
[EventRounds "9"]
[EventCountry "GER"]
[SourceTitle "EXT 2011"]
[Source "ChessBase"]
[SourceDate "2010.11.26"]
[SourceVersion "1"]
[SourceVersionDate "2010.11.26"]
[SourceQuality "1"]
[WhiteTeam "Zirndorf"]
[BlackTeam "Garching"]
[WhiteTeamCountry "GER"]
[BlackTeamCountry "GER"]

1. e4 e5 2. Nf3 d6 3. d4 exd4 4. Nxd4 Nf6 5. Nc3 Be7 6. Be2 0-0 7. 0-0 Re8 8. Bg5 Nxe4 9. Bxe7 Qxe7 10. Nxe4 Qxe4 11. Bd3 Qh4 12. Re1 Bd7 13. Rxe8+ Bxe8 14. Nf5 Qf6 15. Qh5 h6 16. Re1 Nc6 17. Re3 Bd7 18. Nxg7 Kxg7 19. Rf3 Qe6 20. Re3 Qf6 21. Rf3 1/2-1/2

[Event "Oberliga Bayern 0809"]
[Site "Bayern"]
[Date "2009.03.15"]
[Round "8.6"]
[White "Scheckenbach, Franz"]
[Black "Pauli, Alexander"]
[Result "1-0"]
[WhiteElo "2123"]
[BlackElo "2170"]
[PlyCount "83"]
[EventDate "2008.10.05"]
[EventType "team-tourn"]
[EventRounds "9"]
[EventCountry "GER"]
[SourceTitle "EXT 2020"]
[Source "ChessBase"]
[SourceDate "2019.10.17"]
[SourceVersion "1"]
[SourceVersionDate "2019.10.17"]
[SourceQuality "1"]
[WhiteTeam "Groebenzell"]
[BlackTeam "Nuernberg NT"]
[WhiteTeamCountry "GER"]
[BlackTeamCountry "GER"]

1. e4 d6 2. d4 Nf6 3. Nc3 g6 4. Be3 a6 5. Qd2 b5 6. f3 Nbd7 7. a4 b4 8. Na2 a5 9. c3 c5 10. Bb5 bxc3 11. Nxc3 cxd4 12. Bxd4 Bg7 13. Nge2 0-0 14. 0-0 Bb7 15. Rad1 Qc7 16. Qe1 Rfd8 17. Ng3 Nc5 18. Qf2 Rac8 19. Kh1 e5 20. Be3 d5 21. exd5 Nxd5 22. Nxd5 Rxd5 23. Rc1 Qe7 24. Ne2 Nd3 25. Rxc8+ Bxc8 26. Bxd3 Rxd3 27. Nc3 Ba6 28. Re1 Bf8 29. Ne4 f6 30. Bc5 Qe6 31. Bxf8 Kxf8 32. Nc5 Qc4 33. Nxd3 Qxd3 34. Qc5+ Kf7 35. Qxa5 h5 36. Qc7+ Ke6 37. Rc1 Qe2 38. Qc6+ Ke7 39. b4 h4 40. h3 Bd3 41. Qc7+ Ke6 42. Qc8+ 1-0